000 00366nam a2200157Ia 4500
003 OSt
005 20240224101314.0
008 170524s9999 xx 000 0 und d
020 _a978-8120323995
040 _cIIMT UNIVERSITY MEERUT
100 _aJagannathan V
245 0 _aIntroduction to Power Electronics
260 _bPHI
260 _c2006
942 _2ddc
_c02
999 _c5189
_d5189